00352 a2200109 4500001001000000005001700010008004100027245006300068100002800131773006600159999001700225ART_1918520260410161921.0260409a 10aSanciones administrativas en materia de control societario1 aMascheroni, Fernando H.0 tLa informacióng- Tomo XXXIX, Nº 592 (abr. 1979)wREV14902 c27693d27693